UN Countries Quiz Stats

Quiz not verified by Sporcle

Challenge
Share
Tweet
Embed
Score 0/34 Timer 06:00
0 Plays Today
Continent Country % Correct
AmericasUnited States of America
95.5%
EuropeUnited Kingdom
93.2%
AfricaGuinea
89.8%
AsiaUnited Arab Emirates
88.6%
AfricaGuinea-Bissau
87.5%
AmericasVenezuela
87.5%
AfricaUganda
86.4%
AmericasAntigua and Barbuda
85.2%
AfricaBurundi
85.2%
AfricaSudan
85.2%
OceaniaPapua New Guinea
84.1%
AfricaSouth Sudan
84.1%
AmericasSuriname
84.1%
AfricaDemocratic Republic of the Congo
83%
AmericasGuyana
83%
AsiaUzbekistan
83%
OceaniaVanuatu
83%
Continent Country % Correct
AfricaRepublic of the Congo
81.8%
AfricaEquatorial Guinea
81.8%
AfricaTunisia
81.8%
AmericasHonduras
80.7%
EuropeUkraine
80.7%
AsiaBhutan
79.5%
OceaniaNauru
79.5%
AsiaTurkmenistan
79.5%
AmericasNicaragua
79.5%
AfricaMauritania
78.4%
AfricaBurkina Faso
77.3%
AfricaCentral African Republic
77.3%
AmericasDominican Republic
77.3%
EuropeLithuania
77.3%
AmericasSaint Lucia
75%
AsiaBrunei
71.6%
EuropeHungary
70.5%

You're not logged in!

Compare scores with friends on all Sporcle quizzes.
Sign Up with Email
OR
Log In

Show Comments

Extras

Top Quizzes Today


Score Distribution

Your Account Isn't Verified!

In order to create a playlist on Sporcle, you need to verify the email address you used during registration. Go to your Sporcle Settings to finish the process.